Chemical process principles (Record no. 19036)

000 -LEADER
fixed length control field 00586nam a22002171 4500
001 - CONTROL NUMBER
control field 19036
003 - CONTROL NUMBER IDENTIFIER
control field BD-DhUET
008 - FIXED-LENGTH DATA ELEMENTS--GENERAL INFORMATION
fixed length control field 840614m19549999nyua 000 0 eng
040 ## - CATALOGING SOURCE
Original cataloging agency DLC
Transcribing agency DLC
Modifying agency BD-DhUET
082 00 - DEWEY DECIMAL CLASSIFICATION NUMBER
Classification number 660.284
Item number HOU/1960
100 1# - MAIN ENTRY--PERSONAL NAME
Personal name Hougen, Olaf A.
245 10 - TITLE STATEMENT
Title Chemical process principles
250 ## - EDITION STATEMENT
Edition statement 2nd ed.
260 ## - PUBLICATION, DISTRIBUTION, ETC. (IMPRINT)
Place of publication, distribution, etc. New York
Name of publisher, distributor, etc. John Wiley & Sons
Date of publication, distribution, etc. 1959
300 ## - PHYSICAL DESCRIPTION
Extent xviii, (505-1072)p.
Other physical details illus
Dimensions 24 cm.
500 ## - GENERAL NOTE
General note Part- II, Thermodynamics
650 #0 - SUBJECT ADDED ENTRY--TOPICAL TERM
Topical term or geographic name as entry element Chemical engineering
700 ## - ADDED ENTRY--PERSONAL NAME
Personal name Watson, Kenneth M.
700 ## - ADDED ENTRY--PERSONAL NAME
Personal name Ragatz, Roland A.
942 ## - ADDED ENTRY ELEMENTS (KOHA)
Koha item type General Book
Holdings
Damaged status Copy number Koha full call number Date acquired Koha date last seen Location (home branch) Koha normalized classification for sorting Withdrawn status Lost status Koha item type Price effective from Shelving location Piece designation (barcode) Not for loan Source of classification or shelving scheme Sublocation or collection (holding branch)
 1660.28/HOU/19592015-04-022015-04-02Central Library, BUET660_280000000000000_HOU_1959  General Book2015-04-02Circulation section17488  Central Library, BUET
 2660.28/HOU/19592015-05-112015-05-11Central Library, BUET660_280000000000000_HOU_1959  General Book2015-05-11Circulation section11360  Central Library, BUET
 3660.284/HOU/19602015-05-122015-05-12Central Library, BUET660_284000000000000_HOU_1960  General Book2015-05-12Circulation section1044  Central Library, BUET
 4660.284/HOU/19602015-05-122015-05-12Central Library, BUET660_284000000000000_HOU_1960  General Book2015-05-12Circulation section510  Central Library, BUET
 5660.284/HOU/19602015-05-182015-05-18Central Library, BUET660_284000000000000_HOU_1960  General Book2015-05-18Circulation section511  Central Library, BUET
 6660.284/HOU/19602015-05-182015-05-18Central Library, BUET660_284000000000000_HOU_1960  General Book2015-05-18Circulation section1045  Central Library, BUET
 7660.28/HOU/19692015-06-202015-06-20Central Library, BUET660_280000000000000_HOU_1969  Reading Item2015-06-20Reading section11359  Central Library, BUET